The noble scholar, jurist, historian


 His Excellency Dr. Abdul Wahhab bin Ibrahim Abu Sulaiman, may Allah have mercy on him.


 He was born in Umm Al-Qura in the year 1356 AH.

مفاخرة بين مكة والمدينة / (Record no. 1886)

MARC details
000 -LEADER
fixed length control field 00966cam a2200265 i 4500
003 - CONTROL NUMBER IDENTIFIER
control field SA-RiAUC
005 - DATE AND TIME OF LATEST TRANSACTION
control field 20241029144322.0
008 - FIXED-LENGTH DATA ELEMENTS--GENERAL INFORMATION
fixed length control field 241024s1999 ua g 00000 ara c
040 ## - CATALOGING SOURCE
Original cataloging agency SA-RiAUC
Language of cataloging ara
Transcribing agency SA-RiAUC
Description conventions rda
043 ## - GEOGRAPHIC AREA CODE
Geographic area code a-su---
082 04 - DEWEY DECIMAL CLASSIFICATION NUMBER
Classification number 239
090 ## - LOCALLY ASSIGNED LC-TYPE CALL NUMBER (OCLC); LOCAL CALL NUMBER (RLIN)
Classification number (OCLC) (R) ; Classification number, CALL (RLIN) (NR) 239
Local cutter number (OCLC) ; Book number/undivided call number, CALL (RLIN) ا ب ن س
100 1# - MAIN ENTRY--PERSONAL NAME
Personal name ابن سليمان، محمد،
Dates associated with a name قرن 8 هجري
Relator term مؤلف.
245 10 - TITLE STATEMENT
Title مفاخرة بين مكة والمدينة /
Statement of responsibility, etc. تأليف محمد بن سليمان ؛ تحقيق محمد الششتاوي.
264 #1 - PRODUCTION, PUBLICATION, DISTRIBUTION, MANUFACTURE, AND COPYRIGHT NOTICE
Place of production, publication, distribution, manufacture القاهرة :
Name of producer, publisher, distributor, manufacturer دار الأفاق،
Date of production, publication, distribution, manufacture, or copyright notice 1999
300 ## - PHYSICAL DESCRIPTION
Extent 56 صفحة ؛
Dimensions 20سم.
336 ## - CONTENT TYPE
Content type term نص
Content type code txt
Source rdacontent
Materials specified كتاب
337 ## - MEDIA TYPE
Media type term بدون وسيط
Media type code n
Source rdamedia
338 ## - CARRIER TYPE
Carrier type term مجلد
Carrier type code nc
Source rdacarrier
440 #2 - SERIES STATEMENT/ADDED ENTRY--TITLE
Title المفاخرات
Volume/sequential designation 3
650 #7 - SUBJECT ADDED ENTRY--TOPICAL TERM
Topical term or geographic name entry element السيرة النبوية
Source of heading or term aucsh
700 1# - ADDED ENTRY--PERSONAL NAME
Personal name الششتاوي، محمد
Relator term محقق.
942 ## - ADDED ENTRY ELEMENTS (KOHA)
Source of classification or shelving scheme Dewey Decimal Classification
Koha item type Books
Suppress in OPAC No
949 ## - LOCAL PROCESSING INFORMATION (OCLC)
a SA-JeALM
d 241024
u mohamedma123
n 1
Holdings
Withdrawn status Lost status Source of classification or shelving scheme Damaged status Not for loan Home library Current library Date acquired Total checkouts Full call number Barcode Date last seen Price effective from Koha item type
    Dewey Decimal Classification     DR AbdElwahab Library DR AbdElwahab Library 10/29/2024   239 ا ب ن س 000002839 10/29/2024 10/29/2024 Books
    Dewey Decimal Classification     DR AbdElwahab Library DR AbdElwahab Library 07/15/2025   239 ا ب ن س 000016095 07/15/2025 07/15/2025 Books